Statistics for Franchises in Super Smash Bros. Brawl

Click here to take the quiz!

General Stats

  • This quiz has been taken 68 times
  • The average score is 16 of 19

Answer Stats

# of FightersFranchise% Correct
4Super Mario
100%
4The Legend of Zelda
100%
3Kirby’s Dreamland
98%
4Pokémon
98%
2Donkey Kong Country
96%
2Fire Emblem
89%
1Ice Climber
87%
1Metroid
87%
1Sonic the Hedgehog
87%
3StarFox
87%
1Yoshi’s Island
87%
1Wario Ware
83%
2Earthbound
81%
1Kid Icarus
81%
1F-Zero
79%
1Metal Gear Solid
79%
1R.O.B.
77%
1Game and Watch
74%
1Pikmin
72%

Score Distribution

Percentile by Number Answered

Percent of People with Each Score

Your Score History

You have not taken this quiz